Reyes de Bélgica - Estadísticas

Estadísticas generales
  • Esta prueba ha sido intentada 52 veces
  • La puntuación promedio es 6 de 7
Estadísticas de respuestas
Período Nombre del Rey % Correcto
1831-1865 Leopoldo I
89%
1865-1909 Leopoldo II
89%
1934-1351 Leopoldo III
89%
2013-Act. Felipe
81%
1909-1934 Alberto I
78%
1993-2013 Alberto II
78%
1951-1993 Balduino
62%
No se encontraron pruebas coincidentes
Distribución de puntuación
Porcentaje de gente con cada puntuación
Porcentaje por número respondido
Historial de tus puntuaciones
No has intentado esta prueba.